[Event "2nd Karpov Trophy KO"]
[Site "Cap d'Agde FRA"]
[Date "2013.11.01"]
[Round "1.1"]
[White "Muzychuk, Mariya"]
[Black "Karpov, Anatoly"]
[Result "1/2-1/2"]
[WhiteTitle "IM"]
[BlackTitle "GM"]
[WhiteElo "2491"]
[BlackElo "2619"]
[WhiteFideId "14114550"]
[BlackFideId "4100026"]
[EventDate "2013.11.01"]

1. e4 e5 2. Nf3 Nf6 3. Nxe5 d6 4. Nf3 Nxe4 5. Nc3 Nf6 6. d4 Be7 7. Bd3 Bg4 8. h3
Bh5 9. Be3 c6 10. g4 Bg6 11. g5 Nfd7 12. h4 Bh5 13. Ne4 Na6 14. c3 Nc7 15. Ng3
Bg4 16. Bf5 Bxf5 17. Nxf5 g6 18. Nh6 Nb6 19. Qb3 Rf8 20. O-O-O Qd7 21. Rde1 Qe6
22. Bf4 Kd7 23. Ng4 Qxb3 24. axb3 Ne6 25. Bg3 a5 26. Nd2 a4 27. bxa4 Rxa4 28.
Ne4 Nd5 29. Kc2 b5 30. Ngf6+ Bxf6 31. gxf6 Ndf4 32. Bxf4 Nxf4 33. Ng5 Nd5 34.
Nxh7 Rh8 35. Ng5 Rf8 36. Ne4 Rh8 37. Rh3 Raa8 38. Reh1 Rh5 39. Ng5 Re8 40. Rf3
b4 41. Nxf7 bxc3 42. bxc3 Rf8 43. Ng5 Rxf6 44. Rxf6 Nxf6 45. Kd3 Nd5 46. c4 Ne7
47. Nf3 Ra5 48. Rg1 Ke6 49. Re1+ Kd7 50. Ng5 Ra3+ 51. Ke4 Rc3 52. Ra1 Rxc4 53.
Ra7+ Ke8 54. Ra8+ Kd7 55. Ra7+ Ke8 56. Ra8+ Kd7 1/2-1/2